000 01435nam a22002177a 4500
999 _c62345
_d62345
003 Ge_BSU
005 20241008125735.0
008 241008s1965 ge ||||| |||| 00| 0 geo d
041 _ageo
080 _a811.353'342 გ-19
100 _aგამყრელიძე, თამაზ
_923342
245 _aსონანტთა სისტემა და აბლაუტი ქართველურ ენებში :
_b საერთო-ქართველური სტრუქტურის ტიპოლოგია /
_c თამაზ გამყრელიძე, გივი მაჭავარიანი ; გ. წერეთლის რედ. და წინასიტყვ. ; საქ. სსრ მეცნ. აკად., აღმოსავლეთმცოდნ. ინ-ტი.
264 _aთბ. :
_bმეცნიერება,
_c1965.
300 _a511 გვ. :
_bტაბ. ;
_c26 სმ.
653 _aქართველური ენების ფონეტიკა
700 _aმაჭავარიანი, გივი
_eავტორი
_99043
700 _aწერეთელი, გ.
_eრედაქტორი.
_923343
773 _tნაჩუქარი
856 _uhttps://dspace.nplg.gov.ge/bitstream/1234/401759/1/SonanttaSistemaDaAblautiQartvelurEnebshi.pdf
_yელ. ვერსია
942 _2udc
_cᲬᲘᲒᲜᲘ